000 00517nam a22001817a 4500
999 _c174100
_d174100
005 20200317145823.0
010 _aENG-128084
020 _c195.00
_a9788184154146
035 _aEN-111616
037 _bDBAD/PUB
082 _a306.85
100 _aTejparkhi, Sirshree
245 _aCelebrating Relationships/
_cby Sirshree Tejparkhi
260 _aPune
_bHappy thoughts
_c2016
270 _aTejgyan Global Foundation
_bPune
_e111045
300 _a184p.
_c21cm(pbk)
942 _2ddc
_cEN
_h306.85
_mTEJ